LEADER 01523nam 2200373 n 450 001 996394465303316 005 20200824121813.0 035 $a(CKB)4940000000120162 035 $a(EEBO)2240864336 035 $a(UnM)99825497e 035 $a(UnM)99825497 035 $a(EXLCZ)994940000000120162 100 $a19941005d1669 uy | 101 0 $aeng 135 $aurbn||||a|bb| 200 10$aAnglić notitia, or The present state of England$b[electronic resource] $etogether with divers reflections upon the antient state thereof 210 $a[London] $cIn the Savoy, printed by T.N. for John Martyn, and are to be sold at the sign of the Bell without Temple-Bar$d1669 215 $a[12], 516 p 300 $aBy Edward Chamberlayne. 300 $aRunning title reads: The present state of England. 300 $aTwo more parts were issued subsequently. N.B.: Wing C1842A and C1844 are not by Chamberlayne and are supplements to rather than part of "Angliae notitia". 300 $aReproduction of the original in the British Library. 330 $aeebo-0018 607 $aGreat Britain$xDescription and travel$y1601-1700$vEarly works to 1800 607 $aGreat Britain$xPolitics and government$vEarly works to 1800 700 $aChamberlayne$b Edward$f1616-1703.$01001082 801 0$bCu-RivES 801 1$bCu-RivES 801 2$bCStRLIN 801 2$bWaOLN 906 $aBOOK 912 $a996394465303316 996 $aAnglić notitia, or, The present state of England$92310653 997 $aUNISA